Представление документа в формате MARC21

Поле Инд. ПП Название Значение
Тип записи a
Библиографический уровень m
001 Контрольный номер 885bc05b-79f1-4f48-872a-b2cde7c0221c
005 Дата корректировки 20140226194802.6
008 Кодируемые данные 980522 d
020 c Цена, тираж 21.57
040 a Служба первич. каталог. НБ ТвГУ
041 a Код языка текста bul
080 a Индекс УДК 886.7.09(075.3)
a Индекс УДК 882.09(075.3)
084 a Индекс другой классификации/Индекс ББК Ш5(4БОЛ)6я721-1
a Индекс другой классификации/Индекс ББК Ш5(2=411.2)6я721-1
090 c Каталожный индекс Ш5(4БОЛ)6я721-1 + Ш5(2=411.2)6я721-1
x Авторский знак Ц16
a Полочн. индекс Ш5(4БОЛ)
100 1_ a Автор Цанев Георги
245 0_ a Заглавие Учебник по литература
b Продолж. заглавия За 11 кл. на общообразоват. уч-ща
c Ответственность Г. Цанев, С. Русакиев, К. Генов
260 0_ a Место издания София
b Издательство Нар. просвета
c Дата издания 1955
300 a Объем 261,[1] с.
b Иллюстрации/ тип воспроизводства ил.
583 a Действие Получение впервые 257 05.05.98
k Исполнитель действия Дар РГГУ
650 a Основная рубрика Литература Болгарии
x Основная подрубрика История
y Хронологическая подрубрика 20 в.
650 a Основная рубрика Русская литература советская
x Основная подрубрика Учебники для средней школы
653 a Ключевые слова Болгарская литература 20 в.
a Ключевые слова Русская литература 20 в.
a Ключевые слова Русская советская литература
a Ключевые слова Учебники
700 1_ a Другие авторы Русакиев Симеон
700 1_ a Другие авторы Генов Кръстьо
852 t Порядковый номер экземпляра 1
p Инвентарный номер 696028
888 a Бесплатные
930 a Новая/Ретро бол
a Новая/Ретро Учебники
952 p 257.98 21.57 1 696028
c Вид литературы К иу
954 a Дата поступления на обработку 12.05.98
999 a Подразделение 2 аб.